1219 1517 1285 1861 1960 1929 1705 1402 1382 1682 1132 1571 1562 1449 1110 1951 1213 1396 1533 1670 1140 1255 1467 1999 1830 1906 1557 1078 1552 1251 1208 1991 1669 1921 1645 1695 1189 1629 1608 1505 1308 1399 1887 1985 1005 1100 1438 1637 1478 1309 1147 1907 1955 1993 1163 1000 1908 1338 1878 1233 1559 1097 1424 1103 1291 1025 1417 1776 1468 1935 1265 1104 1334 1968 1765 1095 1534 1320 1927 1862 1836 1657 1819 1625 1199 1920 1495 1637 1466 1041 1805 1554 1329 1297 1298 1474 1044 1387 1562 BCNSPRNW ULIB Ver.6.0+V

เปลี่ยนเป็นภาษาไทย

Change to English
 แสดงรายละเอียดบรรณานุกรม
  กลับหน้าหลัก

Brief Record : Get Marc (ISO 2709) : E-mail record : QR code < ปิดหน้าต่าง
LEADER : 00000nam 2200000uu 4500
001    13399128209
003     ULIB
008    020711s2021 th a 000 0 eng d
020    ^a9781719644488
060    ^aWY100^bM486N
100    ^aMcCaffrey, Ruth
245    ^aNP Notes: Nurse Practitioner s Clinical Pocket Guide/^cMcCaffrey, Ruth
250    ^a4th ed
260    ^aPhiladelphia :^bF.A. Davis Company,^c2021
300    ^a290 pages;^c15 cm
650    ^aNursing
945    ^p0^l0^i009313
999    ^aประนอม เกษจรัล
รายการนี้ยังไม่มีแท็ก
คุณยังไม่ได้ล็อกอิน คุณสามารถมีกิจกรรมร่วมกับเว็บไซต์ได้ แต่ต้องล็อกอินก่อน ::
  ล็อกอิน

รายการสื่อสารสนเทศ

ลำดับที่ ประเภท เลขเรียก/บาร์โค้ด สถานที่ สถานะ
1. Book การพยาบาล
หนังสือสำรอง
สถานะ=หนังสือสำรอง
WY100 M486N ฉ.1 
  Barcode: 009313
ห้องสมุดวิทยาเขตสวรรค์ประชารักษ์
►หนังสือทั่วไป
บนชั้น

รายการใกล้เคียง
    หัวเรื่อง [Nursing]

BibComment


ยังไม่เคยถูกคอมเมนท์

คอมเมนท์ทรัพยากรรายการนี้
  คอมเมนท์: NP Notes Nurse P..


 Copyright 2026. Bcnsprnw @Library